[Event "Hong Kong Jolimark op"]
[Site "Hong Kong"]
[Date "2017.12.26"]
[Round "8"]
[White "Ho, Lachlan"]
[Black "Nouri, Alekhine"]
[Result "0-1"]
[WhiteElo "1593"]
[BlackElo "2043"]
[PlyCount "156"]
[EventDate "2017.12.23"]
[EventType "swiss"]
[EventRounds "9"]
[EventCountry "HKG"]
[SourceTitle "CBM 182 Extra"]
[Source "ChessBase"]
[SourceDate "2018.02.23"]
[SourceVersion "1"]
[SourceVersionDate "2018.02.23"]
[SourceQuality "1"]

1. e4 c5 2. c3 Nf6 3. e5 Nd5 4. d4 cxd4 5. cxd4 Nc6 6. Nc3 e6 7. Bc4 Nb6 8. Bb3 d6 9. Nf3 dxe5 10. dxe5 Qxd1+ 11. Kxd1 a6 12. Be3 Nd7 13. Bf4 Nc5 14. Kc2 Nb4+ 15. Kd2 Bd7 16. Rad1 Bc6 17. Ke2 Be7 18. Nd4 0-0 19. Nxc6 Nxc6 20. Bc2 Rad8 21. Rd2 Nd4+ 22. Kd1 b5 23. Be3 Nxc2 24. Kxc2 Rxd2+ 25. Kxd2 Rd8+ 26. Kc2 Nd3 27. f4 Nb4+ 28. Kb3 Rd3 29. Bb6 Nd5 30. Kc2 Rxc3+ 31. bxc3 Nxb6 32. Rd1 Nd5 33. Kb3 g6 34. g3 Kf8 35. Rd3 Nb6 36. h3 Ke8 37. h4 Na4 38. Re3 Kd7 39. g4 Nc5+ 40. Kb4 Kc6 41. h5 Nd3+ 42. Ka5 Bd8+ 43. Kxa6 Nc5+ 44. Ka7 Bb6+ 45. Ka8 Na6 46. Rd3 Kc7 47. Rd6 Nc5 48. hxg6 hxg6 49. f5 gxf5 50. gxf5 Ba5 51. fxe6 fxe6 52. c4 bxc4 53. Rd4 c3 54. Rc4 Kc6 55. Rd4 Kb5 56. a4+ Nxa4 57. Rh4 Bc7 58. Kb7 Bxe5 59. Re4 Nc5+ 60. Ka7 Nxe4 61. Ka8 Nc5 62. Ka7 Kc6 63. Ka8 Nd7 64. Ka7 Kc7 65. Ka8 Nb6+ 66. Ka7 Bd4 67. Ka6 Nd5 68. Kb5 c2 69. Kc4 Bh8 70. Kd3 c1Q 71. Ke2 Qe3+ 72. Kd1 Bd4 73. Kc2 Qe2+ 74. Kb3 Qd3+ 75. Ka4 Nb6+ 76. Kb4 Qc3+ 77. Kb5 Qb3+ 78. Ka6 Qa4# 0-1

[Event "Hong Kong Jolimark op"]
[Site "Hong Kong"]
[Date "2017.12.25"]
[Round "5"]
[White "King, Oliver Baekho"]
[Black "Ho, Lachlan"]
[Result "1-0"]
[WhiteElo "1152"]
[BlackElo "1593"]
[PlyCount "103"]
[EventDate "2017.12.23"]
[EventType "swiss"]
[EventRounds "9"]
[EventCountry "HKG"]
[SourceTitle "CBM 182 Extra"]
[Source "ChessBase"]
[SourceDate "2018.02.23"]
[SourceVersion "1"]
[SourceVersionDate "2018.02.23"]
[SourceQuality "1"]

1. e4 e5 2. Nf3 Nc6 3. Nc3 Nf6 4. d4 exd4 5. Nxd4 Bc5 6. Be3 Bb6 7. Nxc6 bxc6 8. Bxb6 cxb6 9. e5 Qe7 10. Qe2 Nd5 11. Nxd5 cxd5 12. 0-0-0 Bb7 13. Qd2 0-0 14. f4 Rac8 15. Kb1 f6 16. exf6 Rxf6 17. Bd3 Re8 18. f5 Ref8 19. Rde1 Qd6 20. g4 h6 21. h4 d4 22. Rh2 Qg3 23. g5 R6f7 24. f6 gxf6 25. gxh6 f5 26. Bc4 d5 27. Rg2 Qxg2 28. Qxg2+ Kh8 29. Bxd5 Bxd5 30. Qxd5 f4 31. Qxd4+ Kh7 32. Qd3+ Rf5 33. Re5 Kg6 34. h5+ Kg5 35. Rxf5+ Rxf5 36. Qxf5+ Kxf5 37. h7 f3 38. h8Q Ke4 39. Qf8 Ke3 40. Qxf3+ Kxf3 41. h6 Ke4 42. h7 Kd5 43. h8Q Kc6 44. Qc8+ Kb5 45. c4+ Ka5 46. Qb7 a6 47. Qd5+ b5 48. Qd8+ Ka4 49. b3+ Kb4 50. Qc7 bxc4 51. Qxc4+ Ka5 52. Qc5# 1-0